00392 2200157 4500001002100000005001500021035002000036245004300056100002500099300002600124260002800150082000800178084001400186020002200200990001200222INLIS00000000000312520251022014131 a0010-10250000291 aIngin Bercinta /cNyi Penengah Dewanti0 aNyi Penengah Dewanti a292 hlm ;c13 x 19 cm aJakarta :bZettu,c2014 a813 a813 NYI i a978-602-1298-19-0 a0755912